[Event "HSK Osteropen 2024"]
[Site "Hamburg"]
[Date "2024.03.31"]
[Round "5.19"]
[White "Malchereck, Zion"]
[Black "Grebita, Magnus"]
[Result "1-0"]
[WhiteElo "1891"]
[BlackElo "1701"]
[PlyCount "111"]
[EventDate "2024.03.29"]

1. e4 e5 2. Nf3 Nc6 3. Bc4 Nf6 4. d3 Bc5 5. O-O d6 6. c3 Be6 7. Bxe6 fxe6 8.
Qb3 Qc8 9. Ng5 Nd8 10. Nd2 h6 11. Ngf3 O-O 12. Qc2 Nc6 13. b4 Bb6 14. Nc4 Nd7
15. Qb3 Qe8 16. a4 a5 17. Nxb6 Nxb6 18. b5 Nd8 19. Be3 Nd7 20. Rae1 Qg6 21. Nd2
Nf6 22. f3 Nh5 23. d4 Nf4 24. Bxf4 exf4 25. c4 b6 26. c5 dxc5 27. dxc5 bxc5 28.
Qc4 Nb7 29. Nb3 Rad8 30. Rd1 Rd6 31. Nxc5 Nxc5 32. Qxc5 Rfd8 33. Rxd6 Rxd6 34.
Qc3 Rd7 35. Kh1 Qg5 36. Qxa5 Qc5 37. Qa8+ Kh7 38. Qc6 Qd4 39. Qxe6 Qd1 40. Rg1
Rd6 41. Qf5+ Kg8 42. a5 Qa4 43. Qc8+ Kh7 44. Qxc7 Rd1 45. Qb6 Rxg1+ 46. Qxg1
Qxb5 47. Qa1 Qa6 48. h3 g5 49. Kh2 Kg6 50. Qe5 Kh5 51. Qf5 Qa7 52. Qg4+ Kg6 53.
Qe6+ Kh5 54. Qb6 Qd7 55. a6 Qd1 56. Qa5 1-0

[Event "HSK Osteropen 2024"]
[Site "Hamburg"]
[Date "2024.03.31"]
[Round "5.21"]
[White "Ibe, Justus"]
[Black "Knaak, Michael"]
[Result "1/2-1/2"]
[WhiteElo "1691"]
[BlackElo "1892"]
[PlyCount "34"]
[EventDate "2024.03.29"]

1. d4 f5 2. c3 Nf6 3. e3 e6 4. f4 Be7 5. Nf3 O-O 6. Bd3 d5 7. O-O c5 8. Ne5 Nc6
9. Nd2 Ne4 10. g4 Nxe5 11. fxe5 Bg5 12. Nxe4 fxe4 13. Rxf8+ Qxf8 14. Be2 Bd7
15. Qf1 Qxf1+ 16. Kxf1 Rc8 17. Kg2 Be7 1/2-1/2

[Event "HSK Osteropen 2024"]
[Site "Hamburg"]
[Date "2024.03.31"]
[Round "5.22"]
[White "Schranz, Patrick"]
[Black "Schwarzkopf, Jörg"]
[Result "0-1"]
[WhiteElo "1694"]
[BlackElo "1862"]
[PlyCount "38"]
[EventDate "2024.03.29"]

1. d4 Nf6 2. c4 c5 3. d5 e6 4. Nc3 exd5 5. cxd5 d6 6. e4 g6 7. Nf3 a6 8. Bg5
Bg7 9. Qa4+ Bd7 10. Bb5 O-O 11. e5 dxe5 12. Nxe5 Re8 13. f4 Bxb5 14. Nxb5 Nh5
15. Nc7 Nxf4 16. Qxe8+ Qxe8 17. Nxe8 Bxe5 18. O-O Nd7 19. g3 Ne2+ 0-1

[Event "HSK Osteropen 2024"]
[Site "Hamburg"]
[Date "2024.03.31"]
[Round "5.23"]
[White "Malchereck, Romeo"]
[Black "Wokel, Justus"]
[Result "1/2-1/2"]
[WhiteElo "1812"]
[BlackElo "1694"]
[PlyCount "43"]
[EventDate "2024.03.29"]

1. e4 c5 2. Nf3 Nc6 3. c4 d6 4. Nc3 e5 5. d3 Nf6 6. h3 g6 7. Bg5 Be6 8. Qd2 h6
9. Bh4 Bg7 10. Be2 O-O 11. O-O g5 12. Bg3 Nh5 13. Bh2 Nf4 14. Bxf4 exf4 15. Nd5
Bxd5 16. cxd5 Nd4 17. Nxd4 Bxd4 18. Bg4 Qf6 19. Rab1 Kg7 20. Qe2 Rae8 21. b4 b6
22. bxc5 1/2-1/2

[Event "HSK Osteropen 2024"]
[Site "Hamburg"]
[Date "2024.03.31"]
[Round "5.24"]
[White "Bachschisade, Elvin"]
[Black "Rojas Albores, Graciela Iv"]
[Result "1-0"]
[WhiteElo "1791"]
[BlackElo "1653"]
[PlyCount "157"]
[EventDate "2024.03.29"]

1. e4 e5 2. Nf3 Nc6 3. d4 exd4 4. Nxd4 Nxd4 5. Qxd4 c5 6. Qe3 Be7 7. Bc4 a6 8.
e5 d5 9. exd6 Qxd6 10. O-O Nf6 11. Qf3 O-O 12. Bf4 Qd4 13. Bb3 Bg4 14. Qxb7 Be2
15. Re1 Qxf4 16. Qxe7 Ng4 17. Qh4 Rfe8 18. Nc3 Bb5 19. Nxb5 axb5 20. c3 Qd2 21.
Rf1 c4 22. Bxc4 bxc4 23. Qxg4 Qxb2 24. Qxc4 Rec8 25. Qb3 Qxc3 26. Qxc3 Rxc3 27.
Rfc1 Rca3 28. Rc2 g5 29. f3 Kg7 30. Kf2 h5 31. Kg3 Kg6 32. h4 gxh4+ 33. Kxh4
R8a4+ 34. Kg3 Kg5 35. Re2 h4+ 36. Kf2 Rf4 37. Re5+ f5 38. Re3 Raa4 39. a3 Rfc4
40. Rae1 Rc2+ 41. R1e2 Rxe2+ 42. Kxe2 Kf4 43. Kf2 Rc4 44. Re2 Ra4 45. Ra2 Ke5
46. Ke3 f4+ 47. Kd3 Kd5 48. Kc3 Kc5 49. Kb3 Ra7 50. Re2 Rg7 51. a4 Rg3 52. Re5+
Kd6 53. Rh5 Rxg2 54. Rxh4 Ke5 55. Rh1 Kd4 56. Re1 Rf2 57. Re4+ Kd5 58. Rxf4 Ke5
59. Rf8 Kd5 60. Kb4 Kc6 61. Rf6+ Kb7 62. Kc5 Rc2+ 63. Kd5 Rd2+ 64. Ke5 Re2+ 65.
Kf5 Ra2 66. f4 Rxa4 67. Kg6 Kc7 68. f5 Kd7 69. Kg7 Rg4+ 70. Rg6 Rf4 71. f6 Ke6
72. Rg1 Rf3 73. Re1+ Kf5 74. f7 Rg3+ 75. Kf8 Rb3 76. Rf1+ Kg6 77. Ke7 Rb7+ 78.
Ke6 Rb6+ 79. Kd5 1-0

[Event "HSK Osteropen 2024"]
[Site "Hamburg"]
[Date "2024.03.31"]
[Round "5.27"]
[White "Yasar, Hamit"]
[Black "Ihlow, Florian"]
[Result "1-0"]
[WhiteElo "1761"]
[BlackElo "1604"]
[PlyCount "55"]
[EventDate "2024.03.29"]

1. d4 c6 2. Bf4 Qb6 3. b3 d5 4. e3 Bf5 5. Bd3 Bxd3 6. Qxd3 e6 7. Nf3 Nf6 8.
Nbd2 Be7 9. O-O Nbd7 10. c4 Nh5 11. Bg3 Nxg3 12. fxg3 O-O 13. c5 Qc7 14. e4 e5
15. exd5 exd4 16. b4 cxd5 17. Nxd4 Ne5 18. Qf5 a6 19. Rae1 Nc6 20. Nxc6 bxc6
21. Qg4 a5 22. a3 axb4 23. axb4 Ra4 24. Nb3 Qb7 25. Rf4 Rxb4 26. Rxb4 Bxc5+ 27.
Nxc5 Qa7 28. Qd4 1-0

[Event "HSK Osteropen 2024"]
[Site "Hamburg"]
[Date "2024.03.31"]
[Round "5.29"]
[White "Krüger, Dietrich"]
[Black "Queißer, Jens"]
[Result "0-1"]
[WhiteElo "1500"]
[BlackElo "1643"]
[PlyCount "58"]
[EventDate "2024.03.29"]

1. d4 Nf6 2. b3 e6 3. Ba3 c5 4. dxc5 Nc6 5. e3 Be7 6. Nf3 O-O 7. c4 Ne4 8. Bd3
Bf6 9. Bxe4 Bxa1 10. Qc2 f5 11. Bd3 Qf6 12. O-O Rf7 13. Nbd2 Ne5 14. Nd4 Bxd4
15. exd4 Nxd3 16. Qxd3 b6 17. Nf3 Qd8 18. Ne5 Rf6 19. Bc1 h6 20. Qf3 Rb8 21.
Qg3 Bb7 22. h4 bxc5 23. h5 cxd4 24. Nxd7 Qxd7 25. Qxb8+ Rf8 26. Qxa7 Ra8 27.
Qb6 Rxa2 28. c5 Qd5 29. b4 Qxg2# 0-1

[Event "HSK Osteropen 2024"]
[Site "Hamburg"]
[Date "2024.03.31"]
[Round "5.33"]
[White "Wang, Huanying"]
[Black "Haack, Stefan"]
[Result "0-1"]
[WhiteElo "1525"]
[BlackElo "1806"]
[PlyCount "51"]
[EventDate "2024.03.29"]

1. e4 g6 2. Nf3 d6 3. d4 Bg7 4. Bd3 Bg4 5. O-O Bxf3 6. Qxf3 Bxd4 7. c3 Bg7 8.
Be3 Nc6 9. Nd2 Ne5 10. Qe2 Nxd3 11. Qxd3 a6 12. a4 Nf6 13. Bd4 O-O 14. Qf3 Qd7
15. Bxf6 Bxf6 16. Nc4 Bg7 17. Rad1 Qxa4 18. Qd3 Qb5 19. Ra1 b6 20. Rfe1 e6 21.
f4 d5 22. exd5 exd5 23. Ne5 Bxe5 24. fxe5 Qc5+ 25. Re3 Rfe8 26. Rae1 {Rest
nicht rekonstruierbar} 0-1

[Event "HSK Osteropen 2024"]
[Site "Hamburg"]
[Date "2024.03.31"]
[Round "6.1"]
[White "Woelk, Tom-Frederic"]
[Black "Popvasilev, Kaloyan"]
[Result "1/2-1/2"]
[WhiteElo "2345"]
[BlackElo "2226"]
[PlyCount "126"]
[EventDate "2024.03.29"]

1. e4 c5 2. Nf3 d6 3. d4 Nf6 4. Nc3 cxd4 5. Nxd4 Nc6 6. Bg5 e6 7. Qd2 a6 8.
O-O-O Bd7 9. Kb1 Be7 10. f3 Nxd4 11. Qxd4 Qc7 12. h4 b5 13. Qd2 b4 14. Ne2 a5
15. c4 a4 16. Nd4 Qa5 17. g4 O-O 18. Be3 Rfc8 19. g5 Nh5 20. Qf2 g6 21. Bd3
Rab8 22. f4 e5 23. fxe5 dxe5 24. Rhf1 Rf8 25. Nb5 Be6 26. Qh2 Rfd8 27. Be2 Nf4
28. Bxf4 exf4 29. Qxf4 b3 30. a3 Qb6 31. Rd5 Bf8 32. Bg4 Bxd5 33. exd5 Bg7 34.
d6 Qc5 35. d7 Kh8 36. Re1 Rf8 37. Nd6 f5 38. gxf6 Bxf6 39. Nf7+ Kg7 40. Qh6+
Kxf7 41. Qxh7+ Bg7 42. Rf1+ Ke7 43. Qxg7+ Kd6 44. Rd1+ Kc6 45. Qxg6+ Kc7 46.
Qe4 Rf6 47. h5 Rd6 48. Qf4 Rf8 49. Qh2 Kc6 50. Rxd6+ Qxd6 51. Qxd6+ Kxd6 52.
Kc1 Kc7 53. h6 Rh8 54. Kd2 Rxh6 55. Kc3 Rh4 56. Bf5 Rf4 57. Be6 Rf2 58. c5 Rc2+
59. Kb4 Re2 60. Bd5 Rd2 61. d8=Q+ Kxd8 62. Bc6 Rxb2 63. Bxa4 Kc7 1/2-1/2

[Event "HSK Osteropen 2024"]
[Site "Hamburg"]
[Date "2024.03.31"]
[Round "6.2"]
[White "Holinka, Henning"]
[Black "Kahlert, Thomas"]
[Result "1/2-1/2"]
[WhiteElo "2183"]
[BlackElo "2122"]
[PlyCount "62"]
[EventDate "2024.03.29"]

1. e4 e5 2. Nf3 Nc6 3. Bc4 Nf6 4. d3 Be7 5. O-O O-O 6. Re1 d6 7. a4 h6 8. a5 a6
9. c3 Be6 10. Nbd2 Qd7 11. Qb3 Rfe8 12. Nf1 Bf8 13. Ne3 Bxc4 14. Qxc4 Rad8 15.
Nd5 Nxd5 16. Qxd5 Qe6 17. b4 Qxd5 18. exd5 Ne7 19. c4 c6 20. dxc6 Nxc6 21. Bd2
d5 22. b5 Nb4 23. Rxe5 Rxe5 24. Nxe5 Nxd3 25. Nxd3 dxc4 26. bxa6 bxa6 27. Ne5
Rxd2 28. Nxc4 Rc2 29. Ne3 Rd2 30. Nc4 Rc2 31. Ne3 Rd2 1/2-1/2

[Event "HSK Osteropen 2024"]
[Site "Hamburg"]
[Date "2024.03.31"]
[Round "6.3"]
[White "Wenzel, Birger"]
[Black "Keyser, Robin"]
[Result "0-1"]
[WhiteElo "2028"]
[BlackElo "2149"]
[PlyCount "104"]
[EventDate "2024.03.29"]

1. e4 e6 2. d4 d5 3. exd5 exd5 4. Bf4 Nf6 5. Nc3 c6 6. Qd2 Be7 7. O-O-O b5 8.
f3 a5 9. Kb1 a4 10. Nce2 Nbd7 11. g4 Nb6 12. Ng3 Nc4 13. Qe1 Kf8 14. N1e2 b4
15. Nc1 Qb6 16. Bxc4 dxc4 17. Qe5 Ra5 18. Qc7 Qxc7 19. Bxc7 Rb5 20. Be5 Nd5 21.
Ne4 h5 22. h3 Be6 23. Rde1 f5 24. gxf5 Bxf5 25. Rhg1 Rg8 26. Bd6 Bxh3 27. Rg5
g6 28. Re5 Bf5 29. Bxe7+ Nxe7 30. Nd6 Rxe5 31. dxe5 h4 32. Ne2 b3 33. Nd4 h3
34. Rh1 Rh8 35. Nxc4 bxc2+ 36. Kc1 Rh4 37. Nxf5 Nxf5 38. Nd6 Nxd6 39. exd6 Ke8
40. Kxc2 h2 41. Kd3 Kd7 42. Ke3 Kxd6 43. f4 a3 44. bxa3 Rh3+ 45. Ke4 Kc5 46.
Ke5 Rh4 47. Rc1+ Kb5 48. Rb1+ Kc4 49. Rh1 Kd3 50. a4 Ke3 51. a5 Kf3 52. f5 gxf5
0-1

[Event "HSK Osteropen 2024"]
[Site "Hamburg"]
[Date "2024.03.31"]
[Round "6.5"]
[White "Günther, Patrick"]
[Black "Böhm, Thomas"]
[Result "1/2-1/2"]
[WhiteElo "2023"]
[BlackElo "2164"]
[PlyCount "37"]
[EventDate "2024.03.29"]

1. Nf3 d5 2. d4 Nf6 3. c4 e6 4. g3 dxc4 5. Bg2 c5 6. O-O Nc6 7. dxc5 Qxd1 8.
Rxd1 Bxc5 9. Nbd2 c3 10. bxc3 O-O 11. Nb3 Be7 12. Nbd4 Bd7 13. Rb1 b6 14. Nb5
Rfd8 15. Nfd4 Nxd4 16. cxd4 Nd5 17. Bxd5 exd5 18. Bf4 Bxb5 19. Rxb5 1/2-1/2

[Event "HSK Osteropen 2024"]
[Site "Hamburg"]
[Date "2024.03.31"]
[Round "6.6"]
[White "Moser, Axel"]
[Black "Seum, Ferdinand"]
[Result "1-0"]
[WhiteElo "2087"]
[BlackElo "1747"]
[PlyCount "153"]
[EventDate "2024.03.29"]

1. d4 Nf6 2. Nf3 e6 3. c4 Bb4+ 4. Nbd2 d6 5. e3 O-O 6. Bd3 Nc6 7. a3 Bxd2+ 8.
Nxd2 e5 9. d5 Nb8 10. O-O a5 11. b3 c6 12. e4 Bg4 13. Qc2 Nbd7 14. f3 Bh5 15.
Kh1 Bg6 16. Qb2 Nh5 17. g3 c5 18. Qc2 Qe7 19. Bb2 f6 20. Rfe1 Qf7 21. Rf1 Nb6
22. a4 Qd7 23. Rf2 Nc8 24. Nf1 Ne7 25. Ne3 Qh3 26. Kg1 Qd7 27. Nf5 Bxf5 28.
exf5 Rae8 29. Re1 Kf7 30. f4 g6 31. fxe5 dxe5 32. fxg6+ Nxg6 33. Bf5 Qd6 34.
Qd2 Ng7 35. Qxa5 Nxf5 36. Rxf5 Kg8 37. Qd2 Qd7 38. Rff1 Qd6 39. Qc2 Qb6 40. Re3
Ra8 41. Qf5 Rae8 42. h4 Rf7 43. Qe4 Rg7 44. Kh2 Qd6 45. a5 Nf8 46. Qf5 Nd7 47.
Re4 Ree7 48. Bc1 Qa6 49. Bd2 Rg6 50. h5 Rgg7 51. Rg4 Qd6 52. Rxg7+ Rxg7 53.
Qe6+ Qxe6 54. dxe6 Nf8 55. Bh6 Re7 56. Bxf8 Kxf8 57. Rxf6+ Kg7 58. Rf7+ Rxf7
59. exf7 Kxf7 60. Kg2 Kf6 61. Kf3 Kf5 62. h6 Kf6 63. Ke4 Ke6 64. g4 Kf6 65. Kd5
Kg5 66. Kxe5 Kxh6 67. b4 cxb4 68. Kd4 Kg5 69. c5 Kxg4 70. a6 bxa6 71. c6 h5 72.
c7 h4 73. c8=Q+ Kg3 74. Qg8+ Kh2 75. Ke3 h3 76. Kf2 b3 77. Qg1# 1-0

[Event "HSK Osteropen 2024"]
[Site "Hamburg"]
[Date "2024.03.31"]
[Round "6.7"]
[White "Wiethüchter, Samuel"]
[Black "Stahl, Alexander"]
[Result "1-0"]
[WhiteElo "1857"]
[BlackElo "1710"]
[PlyCount "71"]
[EventDate "2024.03.29"]

1. e4 c6 2. d4 d5 3. Nc3 dxe4 4. Nxe4 Nf6 5. Nxf6+ exf6 6. Nf3 Bd6 7. h3 O-O 8.
Be2 Re8 9. O-O Nd7 10. Be3 Nf8 11. c4 Be6 12. Qd2 Qd7 13. Rfe1 Ng6 14. Bf1 Rad8
15. Rad1 Bc7 16. Qb4 Bd6 17. Qa4 Bb8 18. Qa5 Qd6 19. g3 Qd7 20. Kh2 Bf5 21. d5
Bc7 22. Qa4 cxd5 23. Qxd7 Rxd7 24. cxd5 Red8 25. Bc5 b6 26. Ba3 Bd6 27. Nd4
Bxa3 28. Nxf5 Bxb2 29. Bb5 Rc7 30. d6 Rc5 31. Re8+ Rxe8 32. Bxe8 Rc8 33. Ne7+
Nxe7 34. dxe7 g6 35. Rd8 Rc7 36. Bxf7+ 1-0

[Event "HSK Osteropen 2024"]
[Site "Hamburg"]
[Date "2024.03.31"]
[Round "6.8"]
[White "Fabig, Holger"]
[Black "Zenker, Ulrich"]
[Result "0-1"]
[WhiteElo "1980"]
[BlackElo "2115"]
[PlyCount "124"]
[EventDate "2024.03.29"]

1. e4 e6 2. d4 d5 3. Nd2 dxe4 4. Nxe4 Nd7 5. Bd3 Ngf6 6. Nxf6+ Nxf6 7. Bg5 Be7
8. Nf3 O-O 9. Qe2 c5 10. dxc5 Qa5+ 11. c3 Qxc5 12. O-O g6 13. Rad1 b6 14. Ne5
Kg7 15. Rfe1 Qc7 16. Bc1 Bb7 17. Qe3 Bd6 18. Qh6+ Kh8 19. f4 Rad8 20. Be3 Ng8
21. Qh3 Kg7 22. Qg4 h5 23. Qg3 Ne7 24. Bd4 Bc5 25. Nc6+ Bxd4+ 26. Nxd4 Qc5 27.
Kh1 Nf5 28. Bxf5 exf5 29. Re5 Qc8 30. Rde1 Be4 31. Re7 Rd6 32. Rxa7 Re8 33. h4
Qb8 34. Ra3 Kh7 35. Kh2 Rc8 36. Qf2 Qb7 37. Ra4 Kh6 38. Rb4 Rcd8 39. Re2 Qe7
40. Nf3 Qe6 41. a3 Qf6 42. Rd2 Bxf3 43. Rxd6 Rxd6 44. gxf3 Qe7 45. Rd4 Re6 46.
Rd2 b5 47. Kg3 Re3 48. Rc2 Qe4 49. a4 bxa4 50. c4 Kg7 51. Rd2 g5 52. fxg5 Qg4+
53. Kh2 Rxf3 54. Qd4+ Qxd4 55. Rxd4 Rb3 56. c5 Rxb2+ 57. Kg3 a3 58. c6 Rb3+ 59.
Kf4 a2 60. Ra4 Rb4+ 61. Rxb4 a1=Q 62. Kxf5 Qa5+ 0-1

[Event "HSK Osteropen 2024"]
[Site "Hamburg"]
[Date "2024.03.31"]
[Round "6.10"]
[White "Mix, Clemens"]
[Black "Schramm, Fynn"]
[Result "1/2-1/2"]
[WhiteElo "2032"]
[BlackElo "1959"]
[PlyCount "65"]
[EventDate "2024.03.29"]

1. d4 d5 2. c4 e6 3. Nf3 Nf6 4. g3 Be7 5. Bg2 Nbd7 6. O-O O-O 7. Nc3 c6 8. Nd2
b6 9. e4 dxe4 10. Ndxe4 Bb7 11. Qc2 Nxe4 12. Nxe4 Nf6 13. Rd1 Qc8 14. Bf4 Rd8
15. c5 Nxe4 16. Bxe4 g6 17. h4 Bf6 18. h5 Qd7 19. Bd6 Kg7 20. b4 Rac8 21. a4 a6
22. Ra3 Qe8 23. Re3 Be7 24. Bxe7 Qxe7 25. Qc3 bxc5 26. dxc5+ Qf6 27. Qxf6+ Kxf6
28. Rxd8 Rxd8 29. b5 Ke7 30. bxc6 Bc8 31. Rb3 Rd4 32. Bc2 Rc4 33. Bd3 1/2-1/2

[Event "HSK Osteropen 2024"]
[Site "Hamburg"]
[Date "2024.03.31"]
[Round "6.11"]
[White "Schell, Franz Jürgen"]
[Black "Malchereck, Zion"]
[Result "1/2-1/2"]
[WhiteElo "2029"]
[BlackElo "1891"]
[PlyCount "40"]
[EventDate "2024.03.29"]

1. c4 e6 2. g3 d5 3. Bg2 d4 4. Nf3 Nf6 5. O-O c5 6. d3 Nc6 7. e3 Bd6 8. exd4
cxd4 9. Na3 h6 10. Nc2 e5 11. b4 O-O 12. Re1 Nxb4 13. Nxe5 Nxc2 14. Qxc2 Re8
15. Nf3 Rxe1+ 16. Nxe1 Rb8 17. Nf3 Bg4 18. Bb2 Bc5 19. h3 Be6 20. Re1 Qb6
1/2-1/2

[Event "HSK Osteropen 2024"]
[Site "Hamburg"]
[Date "2024.03.31"]
[Round "6.12"]
[White "Grillmaier, Alexander"]
[Black "Debertshäuser, Jörn"]
[Result "0-1"]
[WhiteElo "1728"]
[BlackElo "2010"]
[PlyCount "42"]
[EventDate "2024.03.29"]

1. e4 c5 2. Nf3 Nc6 3. Bc4 a6 4. d3 e6 5. Nc3 d6 6. O-O Nf6 7. Bg5 Be7 8. Re1
Qc7 9. Qe2 O-O 10. e5 dxe5 11. Nxe5 Nd4 12. Qd2 b5 13. Bb3 Bb7 14. Bxf6 Bxf6
15. Ng4 Be7 16. Ne2 Qc6 17. Ne3 Qxg2+ 18. Nxg2 Nf3+ 19. Kh1 Nxd2 20. Ng3 Nf3
21. Re2 Nh4 0-1

[Event "HSK Osteropen 2024"]
[Site "Hamburg"]
[Date "2024.03.31"]
[Round "6.14"]
[White "Atri, Jamshid"]
[Black "Dorendorf, Mika"]
[Result "1-0"]
[WhiteElo "1996"]
[BlackElo "1844"]
[PlyCount "23"]
[EventDate "2024.03.29"]

1. e4 c5 2. Nf3 Nc6 3. d4 cxd4 4. Nxd4 Nf6 5. Nc3 e5 6. Ndb5 d6 7. Nd5 Nxd5 8.
exd5 Ne7 9. c3 a6 10. Qa4 Nxd5 11. Nc7+ Ke7 12. Nxd5+ 1-0

[Event "HSK Osteropen 2024"]
[Site "Hamburg"]
[Date "2024.03.31"]
[Round "6.15"]
[White "Gufeng, Mi"]
[Black "Lehmkuhl, Stefan"]
[Result "0-1"]
[WhiteElo "1723"]
[BlackElo "1900"]
[PlyCount "64"]
[EventDate "2024.03.29"]

1. g4 d5 2. Bg2 c6 3. c4 dxc4 4. g5 e5 5. h4 Bd6 6. Nc3 Be6 7. a4 Ne7 8. e3 Bc7
9. Nge2 Na6 10. O-O Nf5 11. f4 Nxh4 12. Ng3 Nxg2 13. Kxg2 exf4 14. exf4 Qd3 15.
Rf3 Bd5 16. Qe1+ Kf8 17. Nxd5 Qxd5 18. Qf1 Nb4 19. d4 Nc2 20. Bd2 Nxa1 21. Bb4+
Bd6 22. Bxd6+ Qxd6 23. Qxa1 Re8 24. Nf5 Qb4 25. Rc3 h6 26. g6 fxg6 27. Nh4 Kf7
28. Qb1 Qd6 29. f5 Re2+ 30. Kf1 Rhe8 31. fxg6+ Kg8 32. Nf3 Qg3 0-1

[Event "HSK Osteropen 2024"]
[Site "Hamburg"]
[Date "2024.03.31"]
[Round "6.16"]
[White "Schwarzkopf, Jörg"]
[Black "Ibe, Justus"]
[Result "1-0"]
[WhiteElo "1862"]
[BlackElo "1691"]
[PlyCount "55"]
[EventDate "2024.03.29"]

1. Nf3 d5 2. g3 c6 3. Bg2 e6 4. d3 f5 5. O-O Nf6 6. b3 Bd6 7. c4 O-O 8. Ba3
Bxa3 9. Nxa3 Qd6 10. Qc1 e5 11. cxd5 Qxd5 12. Nc4 e4 13. Ng5 h6 14. Ne3 Qd4 15.
Nh3 exd3 16. exd3 Qxd3 17. Nf4 Qd6 18. Qc4+ Kh7 19. Rad1 Qc7 20. Rfe1 Qf7 21.
Qxf7 Rxf7 22. Rd8 Bd7 23. Nc4 Ne8 24. Ne5 Re7 25. Nfg6 Re6 26. Nf8+ Kg8 27.
Nxe6 Bxe6 28. Rxe8+ 1-0

[Event "HSK Osteropen 2024"]
[Site "Hamburg"]
[Date "2024.03.31"]
[Round "6.17"]
[White "Kellner, Anton"]
[Black "Braun, Julian"]
[Result "1/2-1/2"]
[WhiteElo "1690"]
[BlackElo "1803"]
[PlyCount "35"]
[EventDate "2024.03.29"]

1. e4 e5 2. Nf3 Nc6 3. Bc4 Bc5 4. c3 Nf6 5. d4 exd4 6. O-O Nxe4 7. cxd4 d5 8.
dxc5 dxc4 9. Qe2 Qd3 10. Re1 f5 11. Nc3 O-O 12. Nxe4 fxe4 13. Qxe4 Bf5 14. Qxd3
Bxd3 15. Bd2 Rae8 16. Bc3 h6 17. Ne5 Nxe5 18. Bxe5 1/2-1/2

[Event "HSK Osteropen 2024"]
[Site "Hamburg"]
[Date "2024.03.31"]
[Round "6.19"]
[White "Klaeke, Gregor"]
[Black "Knaak, Michael"]
[Result "0-1"]
[WhiteElo "1744"]
[BlackElo "1892"]
[PlyCount "46"]
[EventDate "2024.03.29"]

1. e4 Nf6 2. e5 Nd5 3. c4 Nb6 4. Nf3 d6 5. d4 Bg4 6. h3 Bxf3 7. Qxf3 Nc6 8. e6
fxe6 9. Bd3 g6 10. Qg4 Qd7 11. a3 e5 12. d5 Nd4 13. Nc3 O-O-O 14. Be3 Bg7 15.
Qd1 Rdf8 16. Ne2 Qa4 17. O-O Qxd1 18. Rfxd1 Na4 19. Bxd4 exd4 20. Rd2 Nc5 21.
Bc2 e5 22. dxe6 Nxe6 23. b4 d3 0-1

[Event "HSK Osteropen 2024"]
[Site "Hamburg"]
[Date "2024.03.31"]
[Round "6.20"]
[White "Morou, Halid"]
[Black "Braren, Ove Neelis"]
[Result "0-1"]
[WhiteElo "1833"]
[BlackElo "1635"]
[PlyCount "46"]
[EventDate "2024.03.29"]

1. d4 d5 2. Nf3 e6 3. c4 Nf6 4. g3 Bb4+ 5. Bd2 Be7 6. Bg2 c6 7. O-O b6 8. Qc2
Nbd7 9. Bf4 Bb7 10. Nbd2 O-O 11. e4 dxe4 12. Nxe4 Nxe4 13. Qxe4 Nf6 14. Qc2 c5
15. Rfd1 Qc8 16. a3 Rd8 17. dxc5 Bxc5 18. b4 Bf8 19. Rxd8 Qxd8 20. c5 bxc5 21.
bxc5 Rc8 22. Be3 Qa5 23. Rb1 Be4 0-1

[Event "HSK Osteropen 2024"]
[Site "Hamburg"]
[Date "2024.03.31"]
[Round "6.22"]
[White "Grebita, Magnus"]
[Black "Trede, Rouven-Peer"]
[Result "0-1"]
[WhiteElo "1701"]
[BlackElo "1785"]
[PlyCount "32"]
[EventDate "2024.03.29"]

1. e4 c5 2. Nc3 d6 3. f4 g6 4. Nf3 Bg7 5. Bb5+ Nd7 6. d3 a6 7. Bxd7+ Qxd7 8.
O-O e6 9. Qe1 Ne7 10. Qh4 O-O 11. f5 exf5 12. Bh6 fxe4 13. Nxe4 Nf5 14. Qf2
Nxh6 15. Nfg5 f5 16. Nd2 Bd4 0-1

[Event "HSK Osteropen 2024"]
[Site "Hamburg"]
[Date "2024.03.31"]
[Round "6.23"]
[White "Lasschuit, Rene"]
[Black "Schacht, David"]
[Result "0-1"]
[WhiteElo "1763"]
[BlackElo "1704"]
[PlyCount "46"]
[EventDate "2024.03.29"]

1. Nf3 f5 2. g3 Nf6 3. Bg2 Nc6 4. d4 d5 5. c4 e6 6. O-O Be7 7. Nc3 Ne4 8. Bf4
O-O 9. Rc1 Bf6 10. cxd5 exd5 11. Qb3 Kh8 12. Qxd5 Nxc3 13. Qxd8 Nxe2+ 14. Kh1
Rxd8 15. Bxc7 Rd7 16. Rfe1 Re7 17. Rc2 Ncxd4 18. Rd1 h6 19. Nxd4 Nxd4 20. Rcc1
Nc6 21. Bd6 Re2 22. Re1 Rxe1+ 23. Rxe1 Bd7 0-1

[Event "HSK Osteropen 2024"]
[Site "Hamburg"]
[Date "2024.03.31"]
[Round "6.24"]
[White "Wokel, Justus"]
[Black "Yasar, Hamit"]
[Result "1/2-1/2"]
[WhiteElo "1694"]
[BlackElo "1761"]
[PlyCount "62"]
[EventDate "2024.03.29"]

1. e4 c5 2. Nf3 d6 3. d4 cxd4 4. Nxd4 e5 5. Nb3 Nc6 6. Nc3 Nf6 7. Bg5 Be7 8. f4
h6 9. Bxf6 Bxf6 10. f5 Nd4 11. Nxd4 exd4 12. Bb5+ Bd7 13. Bxd7+ Kxd7 14. Nd5
Be5 15. Qg4 Qg5 16. Qxg5 hxg5 17. h3 Bg3+ 18. Ke2 Rae8 19. Kf3 Be5 20. Rad1 Rc8
21. Rd2 Rc4 22. b3 Rc5 23. Rc1 Rhc8 24. Kg4 f6 25. Kh5 Rh8+ 26. Kg6 Rcc8 27. c3
dxc3 28. Rdc2 Rcf8 29. Nxc3 Rh6+ 30. Kxg7 Rhh8 31. Nd5 Rfg8+ 1/2-1/2

[Event "HSK Osteropen 2024"]
[Site "Hamburg"]
[Date "2024.03.31"]
[Round "6.25"]
[White "Queißer, Jens"]
[Black "Schranz, Patrick"]
[Result "0-1"]
[WhiteElo "1643"]
[BlackElo "1694"]
[PlyCount "44"]
[EventDate "2024.03.29"]

1. d4 d5 2. Nf3 Nc6 3. g3 Nf6 4. Bg2 Bf5 5. a3 e6 6. O-O Bd6 7. Nbd2 O-O 8. Re1
Qd7 9. c4 b6 10. b3 Rad8 11. Bb2 Rfe8 12. Qc1 Na5 13. cxd5 exd5 14. b4 Nb7 15.
Qc3 Qb5 16. Bf1 Ne4 17. Nxe4 Bxe4 18. e3 Qd7 19. Ne5 Qf5 20. Rac1 Rxe5 21. dxe5
Qf3 22. e6 Qh1# 0-1

[Event "HSK Osteropen 2024"]
[Site "Hamburg"]
[Date "2024.03.31"]
[Round "6.26"]
[White "Haack, Stefan"]
[Black "Hock, Reiner"]
[Result "1-0"]
[WhiteElo "1806"]
[BlackElo "1602"]
[PlyCount "73"]
[EventDate "2024.03.29"]

1. e4 c6 2. d4 d5 3. exd5 cxd5 4. c4 Nf6 5. Nc3 e6 6. Nf3 Bb4 7. Ne5 O-O 8. Be3
a6 9. Bd3 dxc4 10. Bxc4 b5 11. Bb3 Bb7 12. O-O Nbd7 13. f4 Qc7 14. Rc1 Qd6 15.
Qe2 Bxc3 16. bxc3 Bd5 17. g4 Ne4 18. g5 Bxb3 19. axb3 Nxe5 20. dxe5 Qd5 21. c4
bxc4 22. bxc4 Qa5 23. Ra1 Qc7 24. Bd4 f5 25. gxf6 Qb7 26. Rab1 Qc6 27. Rb6 Nc3
28. Qd3 Qe4 29. Qxc3 Qg6+ 30. Qg3 Qxg3+ 31. hxg3 gxf6 32. exf6 Kf7 33. Ra1 Rad8
34. Be5 Rd3 35. Raxa6 Rxg3+ 36. Kf2 Rfg8 37. Rb7+ 1-0

[Event "HSK Osteropen 2024"]
[Site "Hamburg"]
[Date "2024.04.01"]
[Round "7.1"]
[White "Keyser, Robin"]
[Black "Reddmann, Hauke"]
[Result "1/2-1/2"]
[WhiteElo "2149"]
[BlackElo "2107"]
[PlyCount "47"]
[EventDate "2024.03.29"]

1. d4 Nf6 2. c4 e6 3. g3 Bb4+ 4. Bd2 Qe7 5. Nf3 Ne4 6. a3 Nxd2 7. Nfxd2 Bxd2+
8. Qxd2 d6 9. Nc3 O-O 10. Bg2 c6 11. O-O Nd7 12. b4 Nf6 13. e4 e5 14. d5 cxd5
15. Nxd5 Nxd5 16. exd5 Rd8 17. Rac1 Bg4 18. c5 Rac8 19. cxd6 Qxd6 20. Rxc8 Rxc8
21. Rc1 b6 22. h3 Bd7 23. Rc3 h6 24. Qc1 1/2-1/2

[Event "HSK Osteropen 2024"]
[Site "Hamburg"]
[Date "2024.04.01"]
[Round "7.3"]
[White "Popvasilev, Kaloyan"]
[Black "Günther, Patrick"]
[Result "1-0"]
[WhiteElo "2226"]
[BlackElo "2023"]
[PlyCount "49"]
[EventDate "2024.03.29"]

1. e4 c5 2. Nc3 d6 3. d4 cxd4 4. Qxd4 Nc6 5. Qd2 e6 6. b3 Nf6 7. Bb2 d5 8. exd5
exd5 9. O-O-O Be6 10. Nf3 Qa5 11. Nb5 Qxa2 12. Qf4 Rc8 13. Bd3 Qa5 14. Rhe1 Be7
15. Nd6+ Kd7 16. Nxc8 Rxc8 17. Ne5+ Ke8 18. Nxc6 bxc6 19. Bf5 Ne4 20. Bxe4 dxe4
21. Qxe4 g6 22. Qd4 Qg5+ 23. f4 Qxg2 24. Rxe6 fxe6 25. Qd7+ 1-0